000 00506nam a2200169Ia 4500
008 090711s9999 xx 000 0 und d
082 _b52580
100 _aढसाळ नामदेव ल.
245 _aहाडकी हाडवळा
260 _c1981
300 _a126
600 _aढसाळ नामदेव ल.
630 _aहाडकी हाडवळा
700 _aढसाळ नामदेव ल.
730 _aहाडकी हाडवळा
942 _cBOOK
999 _c301976
_d301976